Far East Countries English To Turkish - Statistics

General Stats
  • This quiz has been taken 197 times
  • The average score is 17 of 18
Answer Stats
English Türkçe % Correct
Russia Rusya
100%
China Çin
99%
South Korea Güney Kore
99%
Indonesia Endonezya
98%
Japan Japonya
98%
North Korea Kuzey Kore
98%
Singapore Singapur
98%
Thailand Tayland
98%
Vietnam Vietnam
98%
Taiwan Tayvan
97%
Philippines Filipinler
96%
Laos Laos
94%
Malaysia Malezya
94%
Cambodia Kamboçya
91%
Myanmar Myanmar
91%
Mongolia Moğolistan
89%
East Timor Doğu Timor
87%
Brunei Brunei
86%
No matching quizzes found
Score Distribution
Percent of People with Each Score
Percentile by Number Answered
Your Score History
You have not taken this quiz